000 00695nam a2200193 a 4500
005 20240702063808.0
008 021206s1990 mx r 000 0 spa d
035 _aUPN01000121248
049 _aLT
050 4 _aLB1684 M6.2
_bA4.6
245 0 0 _aAmoxtli in xochitl in cuicatl :
_b2 : cuaderno de trabajo para apreciación y expresión artística /
_cAbel Isaías Rodríguez Mendoza ... [et al.].
260 _a[México] :
_bCuicanzin,
_c[199-].
300 _a100 p. :
_bil.
500 _a"Sistema Roma"
650 4 _aArte
_xEstudio y enseñanza (Secundaria)
_92645
650 4 _aMúsica
_xEstudio y enseñanza
_9174
700 1 _aRodríguez Mendoza, Abel Isaías,
_ecoaut.
_932331
905 _aLibro
999 _c93507
_d93507